00706cam a2200169Ia 4500020001800000020001500018040001000033082002600043245013500069300006200204650001000266700002100276710006100297942001000358999001700368952015100385 a9789251060766 a9251060762 cBTCTA a333 ROM 2009 C101 Or.00aSocio-economic impacts of non-transgenic biotechnologies in developing countries :bthe case of plant micropropagation in Africa / axii, 75 pages :bcolor illustrations, color maps ;c25 cm 0aCrops1 aSonnino, Andrea.2 aFood and Agriculture Organization of the United Nations. cAEDBB c20832d20832 0010406333_000000000000000_ROM_2009_C101_OR70992404aLBCbLBCcC101d2022-12-20o333 ROM 2009 C101 Or.pa069786r2022-12-20w2022-12-20yAEDBB